علم اللغة و الدراسات الأدبية : (رقم التسجيلة. 9636)

تفاصيل مارك
000 -LEADER
fixed length control field 00634nam a22001817a 4500
005 - DATE AND TIME OF LATEST TRANSACTION
control field 20251108164332.0
008 - FIXED-LENGTH DATA ELEMENTS--GENERAL INFORMATION
fixed length control field 250721s1987 xx 000 0 ara d
082 14 - DEWEY DECIMAL CLASSIFICATION NUMBER
Classification number 400/شبل
100 1# - MAIN ENTRY--PERSONAL NAME
Personal name شبلز، برند
245 10 - TITLE STATEMENT
Title علم اللغة و الدراسات الأدبية :
Remainder of title دراسة الأسلوب و البلاغة علم اللغة النصي /
264 1# - PRODUCTION, PUBLICATION, DISTRIBUTION, MANUFACTURE, AND COPYRIGHT NOTICE
Place of production, publication, distribution, manufacture الرياض :
Name of producer, publisher, distributor, manufacturer الدار الفنية للنشر والتوزيع،
Date of production, publication, distribution, manufacture, or copyright notice 1987.
300 ## - PHYSICAL DESCRIPTION
Extent 267ص
650 17 - SUBJECT ADDED ENTRY--TOPICAL TERM
Topical term or geographic name as entry element اللغات
650 17 - SUBJECT ADDED ENTRY--TOPICAL TERM
Topical term or geographic name as entry element النقد الأدبي
700 1# - ADDED ENTRY--PERSONAL NAME
Personal name جاد الرب، محمود
Relator term ترجمة
942 ## - ADDED ENTRY ELEMENTS (KOHA)
Source of classification or shelving scheme Dewey Decimal Classification
Koha item type كتب
المقتنيات
حالة السحب حالة الفقدان مصدر التصنيف حالة التلف غير قابل للإعارة المكتبة الرئيسية المكتبة الحالية موقع الرف تاريخ التزويد الرقم المتسلسل Total Checkouts رقم الإستدعاء الباركود تاريخ آخر ظهور تاريخ الفاتورة نوع المادة (كوها)
    Dewey Decimal Classification     مكتبة الأميرة ايمان العامة مكتبة الأميرة ايمان العامة الإعارة 11/11/2013 4845]   400/شبل PLD00285743 28/07/2025 11/11/2013 كتب
Implemented & Customized by: BBB with SCIT (Smart Chains for Information Technology)

Powered by Koha